| 000 | 02230cam a2200421Ia 4500 | ||
|---|---|---|---|
| 001 | ocn320532520 | ||
| 003 | OCoLC | ||
| 005 | 20210303085418.0 | ||
| 006 | m d | ||
| 007 | cr un||||||||| | ||
| 008 | 090508s2002 ne a ob 000 0 eng d | ||
| 020 |
_a9781849501316 (electronic bk.) : _c£65.95 ; € 94.95 ; $119.95 |
||
| 020 |
_a1849501319 (electronic bk.) : _c£65.95 ; € 94.95 ; $119.95 |
||
| 020 | _z9780762308361 (hbk.) | ||
| 020 | _z0762308362 (hbk.) | ||
| 040 |
_aVVL _beng _cVVL _dZJC |
||
| 050 | 1 | 4 |
_aUB340 _b.C57 2002 |
| 072 | 7 |
_aJWD _2bicssc |
|
| 072 | 7 |
_aJWG _2bicssc |
|
| 080 | _a355.2 | ||
| 082 | 0 | 4 |
_a355.2/2363 _222 |
| 245 | 0 | 4 |
_aThe comparative study of conscription in the armed forces _h[electronic resource] / _cedited by Lars Mjøset, Stephen van Holde. |
| 260 |
_aAmsterdam ; _aNew York : _bJAI, _cc2002. |
||
| 300 |
_a1 online resource (xix, 424 p.) : _bill. |
||
| 490 | 1 |
_aComparative social research, _x0195-6310 ; _vv. 20 |
|
| 504 | _aIncludes bibliographical references (p. 389-424) | ||
| 520 | _aThis volume contributes to the comparative study of military conscription. Issues discussed include: a conceptual clarification of conscription as distinguished from volunteerism and militia service; the emergence of the citizen soldier model; patterns of anti-militarism before World War I; conscription in third world armies; gender-issues in relation to military service; the present phenomenon of child soldiers in Africa; the decline of conscript armies in Western Europe. A review section discusses the contribution of rational choice theory to the analysis of conscription into military forces. | ||
| 588 | _aDescription based on print version record. | ||
| 650 | 0 | _aDraft. | |
| 650 | 7 |
_aLand forces & warfare. _2bicssc |
|
| 650 | 7 |
_aNaval forces & warfare. _2bicssc |
|
| 700 | 1 | _aMjøset, Lars. | |
| 700 | 1 | _aVan Holde, Stephen. | |
| 776 | 0 | 8 |
_iPrint version: _tComparative study of conscription in the armed forces. _dAmsterdam ; New York : JAI, c2002 _z0762308362 _w(DLC) 2001050639 _w(OCoLC)48449795 |
| 830 | 0 |
_aComparative social research ; _vv. 20. |
|
| 856 | 4 | 0 | _uhttps://www.emerald.com/insight/publication/doi/10.1016/S0195-6310(2002)20 |
| 913 | _1SSbacklist | ||
| 999 |
_c32042 _d32042 |
||